| 000 | 00385nam a22001337a 4500 | ||
|---|---|---|---|
| 082 |
_a519.5 _bRHO _cL-4:p-3 |
||
| 100 |
_aE.C, Rhodes _939480 |
||
| 245 |
_aElementary statistical methods _cRhodes, E.C |
||
| 260 |
_aLondon _bGrorge Routledge & Sons, Ltd _c1937 |
||
| 300 |
_ap243. : _bill. ; _c10 cm. |
||
| 526 |
_a0 _b0 _c0 _d519_500000000000000_RHO |
||
| 650 |
_aMCE _9379 |
||
| 942 |
_2ddc _cBK |
||
| 999 |
_c543965 _d543965 |
||